000 00432nam a2200145Ia 4500
008 100122s9999 xx 000 0 und d
082 _b44848
_a796.358
100 _aपंडित बाळ ज
245 _aकसोटीे क्षण
260 _bअंजली प्रकाशन
_c1990
300 _a165
630 _aकसोटीे क्षण
730 _aकसोटीे क्षण
942 _cBOOK
999 _c424507
_d424504